000 00686nam a2200253Ia 4500
003 OSt
005 20220918195142.0
006 a|||||r|||| 00| 0
007 ta
008 220917b |||||||| |||| 00| 0 eng d
024 _a83,720
037 _cTextual
040 _aARTS
_cARTS
_beng
041 _2eng
_aeng
082 _aS4(X), L6
100 _aHowell William C
_989255
245 0 _aEssential of industrial and organizational psychology
260 _aHomewood
_bDorsey
_c1976
300 _axiii,275p.
_ccm.
490 _aDorsey series in psychology
650 _aPSYCHOLOGY
942 _hS4(X), L6
_cTEXL
_2CC
999 _c207434
_d207434